000 00730nam a2200133Ia 4500
008 171212s9999 xx 000 0 und d
020 _a9780833038364
100 _aKaroly, Lynn A.;Kilburn, M. Rebecca;Cannon, Jill S.
245 _cKaroly, Lynn A.;Kilburn, M. Rebecca;Cannon, Jill S.
_aEarly Childhood Interventions
_bProven Results, Future Promise
260 _bRAND Corporation
_c2005
650 _aChildren with social disabilities -- Services for -- United States; Children with social disabilities -- Services for -- United States -- Evaluation; Child welfare -- United States -- Evaluation; Early childhood education -- United States; Child care serv
650 _aEducation
856 _uwww.jstor.org/stable/10.7249/mg341pnc
999 _c351974
_d351974